000 01094nam a2200277 i 4500
001 179363
003 ES-MaACL
005 20250907063132.0
008 111110m19211922po |||| | por d
080 _a94(469)"1357/67"
080 _a94(469)"1367/83"
080 _a94(469)"1385/1433"
100 1 _aLopes, Fernão,
_dca. 1380-1460
_9148502
245 1 0 _aCrónicas de D. Pedro e D. Fernando ; [Primeira parte da Crónica de D. Joao I] /
_cFernao Lopes.
250 _a2ª ed.
260 _aParis ;
_aLisboa :
_bAillaud & Bertrand,
_c1921-1922.
300 _a3 v. ;
_c19 cm.
490 1 _aAntologia portuguesa
505 8 _aContiene: I: Crónicas de D. Pedro e D. Fernando -- II: Primeira parte da Crónica de D. Joao I --III: Primeira parte da Crónica de D. Joao I
651 4 _aPortugal-
_xHistoria-
_y1357-1367, Pedro I.
_9148503
651 4 _aPortugal-
_xHistoria-
_y1367-1383, Fernando I.
_9148504
651 4 _aPortugal-
_xHistoria-
_y1385-1433, Juan I.
_9148505
830 0 0 _aAntología portuguesa
_9191079
852 _aES-MaACL
_jB-11891-93
999 _c179363
_d179363